书目信息 |
| 题名: |
语言风格学
|
|
| 作者: | 程祥徽 , 邓骏捷 , 张剑桦 著 | |
| 分册: | ||
| 出版信息: | 南宁 广西教育出版社 2000 |
|
| 页数: | 129页 | |
| 开本: | 21cm | |
| 丛书名: | 语义·语用·修辞丛书 | |
| 单 册: | ||
| 中图分类: | H151 | |
| 科图分类: | ||
| 主题词: | 风格学 | |
| 电子资源: | ||
| ISBN: | 7-5435-3036-8 | |
| 000 | 00762nam0 2200253 45 | |
| 001 | 0312090817 | |
| 005 | 20031219104122.6 | |
| 010 | @a7-5435-3036-8@dCNY8.00 | |
| 100 | @a20031209d2000 km y0chiy0120 ea | |
| 101 | 0 | @achi |
| 105 | @a z 000yy | |
| 200 | 1 | @a语言风格学@AYu Yan Feng Ge Xue@f程祥徽,邓骏捷,张剑桦著@FCheng Xiang Hui,Deng Jun Jie,Zhang Jian Hua Zhu |
| 210 | @a南宁@c广西教育出版社@d2000 | |
| 215 | @a129页@d21cm | |
| 225 | @a语义·语用·修辞丛书@f王德春主编 | |
| 410 | @12001 @a语义·语用·修辞丛书 | |
| 410 | @1700 0@a王德春@AWang De Chun@4主编 | |
| 606 | 0 | @a风格学 |
| 690 | @aH151@v4 | |
| 701 | 0 | @a程祥徽@4著 |
| 701 | 0 | @a邓骏捷@4著 |
| 701 | 0 | @a张剑桦@4著 |
| 801 | @aCN@bTSTC@c20031209 | |
| 905 | @b329628-635@dH151@e267@f8 | |
| 语言风格学/程祥徽,邓骏捷,张剑桦著.-南宁:广西教育出版社,2000 |
| 129页;21cm.-(语义·语用·修辞丛书/王德春主编) |
| ISBN 7-5435-3036-8:CNY8.00 |
| ● |
| 相关链接 |
|
|
|
|
正题名:语言风格学
索取号:H151/267
 
预约/预借
| 序号 | 登录号 | 条形码 | 馆藏地/架位号 | 状态 | 备注 |
| 1 | 0329628 | 203296281 | 第四借阅区/ [索取号:H151/267] | 在馆 | |
| 2 | 0329629 | 203296290 | 第四借阅区/ [索取号:H151/267] | 在馆 | |
| 3 | 0329630 | 203296307 | 第四借阅区/ [索取号:H151/267] | 在馆 | |
| 4 | 0329631 | 203296316 | 第四借阅区/ [索取号:H151/267] | 在馆 | |
| 5 | 0329632 | 203296325 | 第四借阅区/ [索取号:H151/267] | 在馆 | |
| 6 | 0329633 | 203296334 | 第四借阅区/ [索取号:H151/267] | 在馆 | |
| 7 | 0329634 | 203296343 | 第四借阅区/ [索取号:H151/267] | 在馆 | |
| 8 | 0329635 | 203296352 | 第二样本阅览室/ [索取号:H151/267] | 在馆 |